|
|
|
|
| LEADER |
00000nab a2200000uu 4500 |
| 001 |
vtls011448349 |
| 003 |
SK-MaSNL |
| 005 |
20260303151342.0 |
| 008 |
230222|1976 xo |||||||||||||||||cze| |
| 015 |
|
|
|a SNBRB
|
| 035 |
|
|
|a (urnnbn)urn:nbn:sk:snk:ar-0074i2
|
| 035 |
|
|
|a (uuid)595d8854-077b-465a-b3a3-527069284bae
|
| 035 |
|
|
|a urn:nbn:sk:snk-abcl0k
|
| 040 |
|
|
|a SNKBUCL
|b slo
|c SNKBUCL
|e AACR2
|
| 041 |
0 |
|
|a cze
|
| 044 |
|
|
|a xo
|c SK
|
| 100 |
1 |
|
|a (ev)
|4 aut
|9 849660
|
| 245 |
1 |
0 |
|a Zařízení pro výrobu močoviny ze Závodů Vítězného února
|c (Ev{Rpara}
|
| 773 |
0 |
|
|t Technická práca : časopis Ústřední rady Čs. vědecko-technické společnosti
|g Roč. 28, č. 6 (1976), s. [41]
|
| 958 |
|
|
|a OND
|
| 958 |
|
|
|a EUIPO
|
| 958 |
|
|
|a article16
|
| 999 |
|
|
|c 2017243
|d 2019173
|